Inverted Flags #1 - Statistics

General Stats
  • This quiz has been taken 53 times
    29 since last reset
  • The average score is 14 of 16
Answer Stats
Picture Answer % Correct
United States
100%
Brazil
96%
Turkey
96%
United Kingdom
96%
Albania
92%
Iceland
92%
Canada
88%
South Korea
88%
Spain
88%
Jamaica
83%
Algeria
79%
India
75%
North Macedonia
75%
Uruguay
75%
Netherlands
71%
Bosnia & Herzegovina
67%
No matching quizzes found
Score Distribution
Percent of People with Each Score
Percentile by Number Answered
Your Score History
You have not taken this quiz since the last reset